000 00370nam a2200133Ia 4500
999 _c14073
_d14073
008 260210s9999 xx 000 0 und d
020 _a9781844007097
082 _a747
100 _aElizabeth Wilhide
245 4 _aThe Interior Design Directory: A Sourcebook of Modern Materials
260 _bQuadrille Publishing Ltd,
_a London
260 _c2009
942 _cBDES
_2ddc